000 00617nam a2200193Ia 4500
008 140626s9999 xx 000 0 und d
100 _aKlahr, Ashlea.
245 4 _aThe association between parent-child conflict and adolescent conduct problems over time :
_bresults from a longitudinal adoption study /
_cAshle Klahr ... [et al.].
260 _cc2011.
300 _a120 : 1, page 46
440 _aJournal of Abnormal Psychology
521 _aPSYCH
650 _aAdoption study.
650 _aConduct problems.
650 _aCross-lagged.
650 _aLongitudinal.
650 _aParenting.
942 _cSE
999 _c121260
_d121260